Catalog

Record Details

Catalog Search



Understanding COVID-19 / by Douglas Hustad, ... Read More

Hustad, Douglas,(author.).
Lurie, Mark N.,(content consultant.). Core Library (Firm)(Added Author).

Available copies

  • 3 of 3 copies available at LARL/NWRL Consortium.
  • 2 of 2 copies available at Lake Agassiz Regional Library. (Show preferred library)

Current holds

0 current holds with 3 total copies.

Show Only Available Copies
Location Call Number / Copy Notes Barcode Shelving Location Status Due Date
Ada Public Library J 614.54 HUS (Text) 33500013312525 Main Available -
Crookston Public Library J 614.54 HUS (Text) 33500013312533 Main Available -
Hallock Public Library j 614.54 HUS (Text) 35500006450827 Main Available -

Record details

  • ISBN: 9781532194078
  • ISBN: 1532194072
  • ISBN: 9781644945049
  • ISBN: 1644945045
  • Physical Description: 48 pages : illustrations (chiefly color) ; 24 cm.
  • Publisher: Minneapolis, Minnesota : Core Library, an imprint of Abdo Publishing, [2021]

Content descriptions

General Note:
Includes index.
Bibliography, etc. Note:
Includes bibliographical references and index.
Formatted Contents Note:
Chapter one : A mysterious disease -- Chapter two ... Read More
Summary, etc.:
"COVID-19 is a disease caused by a virus called ... Read More
Subject: COVID-19 (Disease) > Juvenile literature.
Coronavirus infections > Juvenile literature.
Respiratory infections > Juvenile literature.
Epidemics > Juvenile literature.
Communicable diseases > Prevention > Juvenile literature.
Health > Juvenile literature.
Immunotechnology > Juvenile literature.
Medical technology > Juvenile literature.
Biomedical research > Juvenile literature.
Social distancing (Public health) > Juvenile literature.
Quarantine > Juvenile literature.
Communicable diseases.
COVID-19 (Disease)
Epidemics.
Coronavirus infections.
COVID-19 (Disease)
Respiratory infections.
Communicable diseases.
COVID-19 (Disease)
Epidemics.
Genre: Juvenile works.
Instructional and educational works.
Illustrated works.
Informational works.
LDR 03768cam a2200793Ii 4500
001355583
003LARL_NWRL_CONSORTIUM
00520201215164911.0
008200510t20212021mnua j 001 0 eng d
040 . ‡aYDX ‡beng ‡erda ‡cYDX ‡dBDX ‡dTP7 ‡dOCLCF ‡dII5 ‡dTP7 ‡dIUK ‡dJQM ‡dUAP ‡dCHILD ‡dUKMGB ‡dK#T ‡dOCLCQ ‡dOCLCO ‡dOJ4 ‡dOCLCO
015 . ‡aGBC0E3270 ‡2bnb
0167 . ‡a019949117 ‡2Uk
019 . ‡a1197808732
020 . ‡a9781532194078 ‡q(library binding)
020 . ‡a1532194072 ‡q(library binding)
020 . ‡a9781644945049 ‡q(paperback)
020 . ‡a1644945045 ‡q(paperback)
035 . ‡a(OCoLC)1153894009 ‡z(OCoLC)1197808732
08204. ‡a616.241/4 ‡223
08204. ‡a614.5 ‡223
1001 . ‡aHustad, Douglas, ‡eauthor.
24510. ‡aUnderstanding COVID-19 / ‡cby Douglas Hustad, content consultant, Mark N. Lurie, PhD.
264 1. ‡aMinneapolis, Minnesota : ‡bCore Library, an imprint of Abdo Publishing, ‡c[2021]
264 4. ‡c©2021
300 . ‡a48 pages : ‡billustrations (chiefly color) ; ‡c24 cm.
336 . ‡atext ‡btxt ‡2rdacontent
336 . ‡astill image ‡bsti ‡2rdacontent
337 . ‡aunmediated ‡bn ‡2rdamedia
338 . ‡avolume ‡bnc ‡2rdacarrier
4900 . ‡aCore library guide to COVID-19
500 . ‡aIncludes index.
5050 . ‡aChapter one : A mysterious disease -- Chapter two : A new virus -- Chapter three : Symptoms and transmission -- Chapter four : Testing and treatment -- Fast facts -- Stop and think -- Glossary -- Online resources -- Learn more -- Index -- About the author.
520 . ‡a"COVID-19 is a disease caused by a virus called SARS-CoV2. Like all viruses, it is far too small to be seen by the naked eye. Yet this virus and the disease it caused had an enormous impact on the world. Understanding COVID-19 explores how the virus and the disease work, examining what made them so dangerous and what health officials learned about fighting them. Features include a glossary, references, websites, source notes, and an index." -- ‡cProvided by publisher.
504 . ‡aIncludes bibliographical references and index.
650 0. ‡aCOVID-19 (Disease) ‡vJuvenile literature.
650 0. ‡aCoronavirus infections ‡vJuvenile literature.
650 0. ‡aRespiratory infections ‡vJuvenile literature.
650 0. ‡aEpidemics ‡vJuvenile literature.
650 0. ‡aCommunicable diseases ‡xPrevention ‡vJuvenile literature.
650 0. ‡aHealth ‡vJuvenile literature. ‡0(LARL_NWRL_CONSORTIUM)165573
650 0. ‡aImmunotechnology ‡vJuvenile literature.
650 0. ‡aMedical technology ‡vJuvenile literature.
650 0. ‡aBiomedical research ‡vJuvenile literature.
650 0. ‡aSocial distancing (Public health) ‡vJuvenile literature.
650 0. ‡aQuarantine ‡vJuvenile literature.
650 1. ‡aCommunicable diseases. ‡0(LARL_NWRL_CONSORTIUM)176487
650 1. ‡aCOVID-19 (Disease)
650 1. ‡aEpidemics. ‡0(LARL_NWRL_CONSORTIUM)19536
650 7. ‡aCoronavirus infections. ‡2fast
650 7. ‡aCOVID-19 (Disease) ‡2fast
650 7. ‡aRespiratory infections. ‡2fast ‡0(LARL_NWRL_CONSORTIUM)160462
650 7. ‡aCommunicable diseases. ‡2sears ‡0(LARL_NWRL_CONSORTIUM)176487
650 7. ‡aCOVID-19 (Disease) ‡2sears
650 7. ‡aEpidemics. ‡2sears ‡0(LARL_NWRL_CONSORTIUM)19536
655 7. ‡aJuvenile works. ‡2fast
655 7. ‡aInstructional and educational works. ‡2lcgft
655 7. ‡aIllustrated works. ‡2lcgft
655 7. ‡aInformational works. ‡2lcgft
7001 . ‡aLurie, Mark N., ‡econtent consultant.
7102 . ‡aCore Library (Firm)
901 . ‡a355583 ‡b ‡c355583 ‡tbiblio

Additional Resources